Vztah tacitní a explicitní znalosti
Proces konverzie, ktorý má veľký význam pre riadenie znalostí. Pri konverzii sa používa názov procesu SECI (socialization, externalization, combination a internalization). Charakteristika jednotlivých procesov: Socializácia (zložka tacitná na tacitnú). Externalizácia (tacitná na explicitnú). Kombiná...
Salvato in:
| Autore principale: | |
|---|---|
| Natura: | Capitolo di libro |
| Lingua: | ceco |
| Soggetti: | |
| Tags: |
Nessun Tag, puoi essere il primo ad aggiungerne!!
|
MARC
| LEADER | 00000naa$a2200000$$$4500 | ||
|---|---|---|---|
| 001 | 0014431 | ||
| 005 | 20221019105342.0 | ||
| 041 | 0 | |a cze | |
| 044 | |a SK | ||
| 245 | 1 | 0 | |a Vztah tacitní a explicitní znalosti |c aut. Ludmila Mládková |
| 520 | |a Proces konverzie, ktorý má veľký význam pre riadenie znalostí. Pri konverzii sa používa názov procesu SECI (socialization, externalization, combination a internalization). Charakteristika jednotlivých procesov: Socializácia (zložka tacitná na tacitnú). Externalizácia (tacitná na explicitnú). Kombinácia (explicitná na explicitnú). Internalizácia (explicitná na tacitnú). Konverzia v praxi. | ||
| 610 | 2 | 0 | |a vedomosti |
| 610 | 2 | 0 | |a riadenie znalostí |
| 610 | 2 | 0 | |a manažéri |
| 100 | 1 | |a Mládková, Ludmila | |